[Event "Skilling Open CCT KO 2021"]
[Site "Online"]
[Date "2020.11.25"]
[Round "1.5"]
[White "Radjabov, Teimour"]
[Black "So, Wesley"]
[Result "1/2-1/2"]
[WhiteElo "2758"]
[BlackElo "2741"]
[Annotator "TA"]
[PlyCount "63"]
[EventDate "2020.11.20"]
[EventType "k.o."]
[EventCountry "NET"]
[SourceTitle "playchess.com"]
[Source "ChessBase"]
[SourceQuality "1"]

{[%evp 11,63,34,41,31,32,-8,33,29,35,30,38,35,38,42,45,39,33,40,53,17,47,20,46,41,47,55,56,51,45,47,51,56,64,12,14,8,8,13,25,22,23,27,33,31,73,87,75,39,29,0,89,0,27,0]} 1. Nf3 d5 2. d4 Nf6 3. c4 e6 4. Nc3 c5 5. cxd5 cxd4 6. Qxd4 exd5 7. e4 {D41: Queen's Gambit Declined: Semi-Tarrasch with 5 cxd5.} dxe4 8. Qxd8+ Kxd8 9. Ng5 {White is slightly better.} Be6 10. Nxe6+ fxe6 11. Bg5 h6 12. O-O-O+ Ke7 $1 13. Bxf6+ gxf6 14. Nxe4 Bg7 15. Ng3 f5 16. Bd3 {[#] Black must now prevent Rhe1.} Nc6 $146 ({Predecessor:} 16... Rd8 17. Bxf5 Na6 18. Rxd8 Rxd8 19. Re1 Nc5 20. Bc2 Kf7 21. Re3 a5 22. Ne2 Bf6 {½-½ (39) Leiner,R (2357)-Kopeikin,V (2436) ICCF email 2015}) 17. Rhe1 {Strongly threatening Nxf5+.} Be5 {[#]} 18. Nxf5+ $1 {[%mdl 512]} exf5 19. f4 $1 {[%mdl 64] Pin} Rad8 20. fxe5 Rhf8 21. Re3 Rd5 22. Rh3 ({White should play} 22. Bc2 $14 Rxd1+ 23. Kxd1) 22... Nxe5 $11 23. Bc2 Rxd1+ 24. Kxd1 {[%mdl 4096] Endgame KRB-KRN} Rf6 25. Ke2 Rb6 26. b3 Ra6 27. Bb1 f4 28. Rh5 Re6 29. Bf5 Ra6 30. Bb1 ({White should try} 30. a4 $11) 30... Re6 $1 $16 31. Bf5 (31. Kf2 $16) 31... Ra6 $11 32. Bb1 {Weighted Error Value: White=0.14/Black=0.04} 1/2-1/2

[Event "Skilling Open CCT KO 2021"]
[Site "Online"]
[Date "2020.11.25"]
[Round "1.5"]
[White "Giri, Anish"]
[Black "Carlsen, Magnus"]
[Result "1/2-1/2"]
[WhiteElo "2731"]
[BlackElo "2881"]
[Annotator "TA"]
[PlyCount "88"]
[EventDate "2020.11.20"]
[EventType "k.o."]
[EventCountry "NET"]
[SourceTitle "playchess.com"]
[Source "ChessBase"]
[SourceQuality "1"]

{[%evp 17,88,0,0,0,0,0,9,0,0,0,0,-9,43,34,31,35,44,50,109,79,102,44,43,57,82,82,79,69,72,75,73,83,93,42,42,42,42,42,42,42,42,42,42,42,42,42,42,42,42,34,46,0,0,0,0,0,0,0,0,0,0,0,0,0,0,0,0,0,0,0,0,0,0]} 1. e4 e5 2. Nf3 Nc6 3. Bc4 Bc5 4. c3 Nf6 5. d4 exd4 6. e5 d5 7. Bb5 Ne4 8. cxd4 Bb6 9. Nc3 O-O 10. Be3 {C54: Giuoco Piano: 4 c3 Nf6, main lines with 5 d4 and 5 d3.} Bg4 11. h3 Bh5 12. Qc2 (12. Bxc6 {looks sharper.} bxc6 13. O-O f6 14. g4 Bg6 15. exf6 Qxf6 16. Ne5) 12... Nxc3 13. bxc3 f6 14. Bxc6 bxc6 (14... Bxf3 $11 15. gxf3 bxc6) 15. exf6 $1 $14 {[#]} Bxf3 $146 ({Predecessor:} 15... Qxf6 16. Ne5 Qe6 17. O-O Bg6 18. Qa4 Be8 19. Qa3 Qd6 20. Qb3 a5 21. a4 c5 {0-1 (56) Sengupta,D (2527)-Lysyj,I (2594) chess.com INT 2020}) 16. fxg7 Rf7 17. gxf3 Qd6 (17... Qe7 $14) 18. Rg1 c5 19. Rg5 ({Better is} 19. Rg4 $16) 19... cxd4 20. cxd4 Rxg7 21. Rxg7+ Kxg7 22. Ke2 Qg6 23. Qa4 Rd8 24. Rc1 Kf7 25. Bf4 ({White should play} 25. Qb5 $16) 25... Re8+ $1 26. Be5 Re7 $1 27. Qb3 Bxd4 28. Qxd5+ {[%mdl 64] [#] Double Attack} Qe6 29. Qxd4 Qxe5+ 30. Qxe5 Rxe5+ {[%mdl 4096] Endgame KR-KR} 31. Kd3 Ra5 32. Rxc7+ Kg6 $1 33. Rc2 Kf5 34. Kc4 Ra3 {The position is equal.} 35. Kb4 Rxf3 36. Rc7 a5+ {[%mdl 64] [#] Decoy} 37. Kxa5 {Rf7+ is the strong threat.} Ra3+ 38. Kb4 Rxa2 39. Rxh7 Kg6 40. Rh8 Rxf2 41. Kc3 Rf5 42. Kd4 Rh5 43. Rxh5 Kxh5 44. h4 Kxh4 {Weighted Error Value: White=0.08/Black=0.07} 1/2-1/2

[Event "Skilling Open CCT KO 2021"]
[Site "Online"]
[Date "2020.11.25"]
[Round "1.6"]
[White "Carlsen, Magnus"]
[Black "Giri, Anish"]
[Result "1/2-1/2"]
[WhiteElo "2881"]
[BlackElo "2731"]
[Annotator "TA"]
[PlyCount "112"]
[EventDate "2020.11.20"]
[EventType "k.o."]
[EventCountry "NET"]
[SourceTitle "playchess.com"]
[Source "ChessBase"]
[SourceQuality "1"]

{[%evp 9,112,0,0,-10,3,-6,0,4,8,10,7,11,29,-18,17,9,10,1,17,17,29,25,20,21,35,27,21,22,68,61,60,56,59,55,85,82,85,81,79,75,76,75,108,56,98,102,102,102,102,92,102,95,95,95,95,95,95,95,95,95,95,95,95,95,95,95,95,95,95,95,148,131,148,140,129,141,149,126,108,0,0,0,0,0,0,0,0,0,0,0,0,0,0,0,0,0,0,0,0,0,0,0,0,0,0]} 1. d4 Nf6 2. c4 g6 3. g3 c6 4. Bg2 d5 5. e3 Bg7 6. Ne2 {D71: Fianchetto Grünfeld: 3 g3 d5 sidelines and 5 cxd5 (without Nf3).} O-O 7. O-O Re8 8. Nd2 Bf5 {[#]} 9. b3 $146 ({Predecessor:} 9. Re1 Nbd7 10. Qb3 e5 11. cxd5 cxd5 12. dxe5 Nxe5 13. Nd4 Qd7 14. Qb5 Rac8 15. Qxd7 Bxd7 {½-½ (55) Grandelius,N (2649)-Vachier Lagrave,M (2788) Stavanger 2016}) 9... Nbd7 10. Bb2 h5 11. Nf4 {[%cal Rc4d5]} e6 12. h3 a5 13. a4 Qb6 14. Rc1 Rad8 15. Qe2 Bf8 16. Rfd1 Bb4 17. c5 Qc7 18. Nf3 Be4 19. Ne5 Bxg2 20. Kxg2 Nxe5 21. dxe5 Nd7 22. Nd3 b6 {[%cal Rd7c5]} 23. Nxb4 axb4 24. cxb6 Qxb6 25. e4 Qb7 26. Qf3 (26. exd5 $16 cxd5 27. f4) 26... Nb6 27. exd5 Rxd5 28. Rxd5 Nxd5 29. Bd4 Kg7 30. h4 Qc7 31. Rc4 Kg8 32. Qe4 Qb7 33. Bc5 Kg7 34. Bd6 Rc8 35. Kg1 Rh8 36. Qd4 Rc8 37. Rc5 Qa6 38. Qc4 Qa8 39. Kf1 Qb7 {[#]} (39... Kg8 $142) 40. Ra5 $1 $16 c5 41. Rxc5 Nc3 {[%cal Rb7h1]} 42. Kg1 Rxc5 43. Bxc5 {And now a5 would win.} Qf3 44. a5 ({Much worse is} 44. Bxb4 $6 Ne2+ 45. Kf1 Nxg3+ 46. Ke1 Nf5 $11) (44. Qxb4 $16 g5 45. hxg5) 44... Ne4 $11 {The position is equal.} 45. a6 ({Don't play} 45. Qxb4 Qd1+ 46. Kg2 Qd5 $14) 45... Nxc5 46. Qxc5 Qxb3 {[%mdl 4096] Endgame KQ-KQ} 47. a7 Qb1+ 48. Kh2 Qa2 49. g4 hxg4 {Strongly threatening ...b3.} 50. h5 gxh5 51. Qe3 {[#] aiming for Qg5+.} Qa5 52. Qg5+ Kf8 53. Qh6+ Kg8 54. Qg5+ Kf8 55. Qh6+ Kg8 56. Qg5+ Kf8 {Weighted Error Value: White=0.04/Black=0.06} 1/2-1/2

[Event "Skilling Open CCT KO 2021"]
[Site "Online"]
[Date "2020.11.25"]
[Round "1.6"]
[White "Vachier-Lagrave, Maxime"]
[Black "Nakamura, Hikaru"]
[Result "1/2-1/2"]
[WhiteElo "2860"]
[BlackElo "2829"]
[Annotator "TA"]
[PlyCount "140"]
[EventDate "2020.11.20"]
[EventType "k.o."]
[EventCountry "NET"]
[SourceTitle "playchess.com"]
[Source "ChessBase"]
[SourceQuality "1"]

{[%evp 12,140,14,10,17,19,17,21,25,11,12,20,31,16,16,4,22,12,32,0,0,0,10,2,10,30,21,23,12,26,33,27,23,22,29,31,28,46,33,22,45,39,38,39,31,15,21,8,6,8,4,8,30,22,32,25,28,0,0,0,0,0,0,0,8,0,10,0,8,0,0,0,0,0,0,0,0,0,0,0,0,0,0,0,0,0,8,8,8,8,8,8,8,8,8,8,18,18,18,14,14,8,8,8,8,8,8,0,0,0,22,8,8,8,8,8,8,8,8,8,8,8,8,0,8,0,8,8,8,8,8]} 1. e4 e5 2. Nf3 Nc6 3. Bc4 Bc5 4. O-O Nf6 5. d3 d6 6. c3 h6 {6...a6 is the recent fashion.} 7. Re1 O-O {C54: Giuoco Piano: 4 c3 Nf6, main lines with 5 d4 and 5 d3.} 8. Nbd2 a5 9. Nf1 Be6 10. Bb5 Ne7 11. d4 exd4 12. cxd4 Bb6 13. Ng3 d5 14. e5 Ne4 $1 15. Bd3 Nxg3 16. hxg3 Bg4 17. Bc2 c5 {[#]} 18. dxc5 $146 ({Predecessor:} 18. Be3 cxd4 19. Bxd4 Rc8 20. Rc1 Rc4 21. Bxb6 Qxb6 22. b3 Rc7 23. Bb1 Rfc8 24. Rxc7 Qxc7 {½-½ (44) Carlsen,M (2863)-Nakamura,H (2736) chess24.com INT 2020}) 18... Bxc5 19. Be3 Rc8 20. Bxc5 Rxc5 21. Qd2 Qb6 22. Bd3 Bf5 23. Bxf5 Nxf5 24. g4 Ne7 25. g5 Qb4 26. Qxb4 axb4 27. gxh6 gxh6 28. a3 Rc2 29. axb4 Rxb2 30. e6 Rxb4 31. exf7+ Kxf7 32. Ne5+ Kg7 33. Nd3 Re4 34. Nc5 (34. Reb1 {keeps more tension.} Rb8 35. g3 Rc4 36. Rb5 Rc3 37. Nf4) 34... Rxe1+ {The position is equal.} 35. Rxe1 $11 {[%mdl 4096] Endgame KRN-KRN} Kf7 36. Nxb7 Rb8 37. Nc5 Ng6 38. Rd1 Rd8 39. Nb3 Nf4 40. Nd4 Ne6 41. Nc6 Rd6 42. Ne5+ Kf6 43. Nd3 d4 44. g3 Rb6 45. Kf1 Ra6 46. Rd2 h5 47. Rb2 Ra1+ 48. Ke2 h4 49. gxh4 Rh1 50. Rb6 Kf5 51. Rb5+ Kf6 52. h5 Rh4 53. Kf3 Rh3+ 54. Ke4 {Black must now prevent Rf5+.} Ng5+ 55. Kxd4 {Black should prevent Nf4.} Rxh5 56. Rb8 Ne6+ 57. Ke3 Ra5 58. Rb6 {[#] Hoping for Nf4.} Kf5 59. f4 Ra3 60. Rb5+ Kf6 61. Rd5 {Cut Off at move 61} Ra4 62. Rd6 {[#] Rxe6+! is the strong threat.} Rc4 63. Rb6 Kf5 64. Rb5+ Kf6 65. Ra5 Rc3 66. Rd5 $1 Rc4 67. Ra5 Rc3 68. f5 Nc5 69. Rxc5 Rxc5 70. Nxc5 {White threatens Kf4 and mate.} Kxf5 {Weighted Error Value: White=0.03/Black=0.03} 1/2-1/2

[Event "Skilling Open CCT KO 2021"]
[Site "Online"]
[Date "2020.11.25"]
[Round "1.6"]
[White "Aronian, Levon"]
[Black "Nepomniachtchi, Ian"]
[Result "1/2-1/2"]
[WhiteElo "2778"]
[BlackElo "2778"]
[Annotator "TA"]
[PlyCount "159"]
[EventDate "2020.11.20"]
[EventType "k.o."]
[EventCountry "NET"]
[SourceTitle "playchess.com"]
[Source "ChessBase"]
[SourceQuality "1"]

{[%evp 14,159,18,19,56,36,51,35,35,8,13,12,34,43,47,7,0,0,0,-3,23,17,66,0,0,0,0,25,42,41,64,73,86,73,70,66,58,67,49,60,92,92,85,60,88,49,76,72,62,72,72,63,37,7,7,7,152,152,220,193,190,186,181,150,146,0,0,0,15,-8,475,461,482,348,354,338,837,829,606,74,313,281,308,0,0,0,0,0,0,-8,-8,-13,-15,-11,0,0,0,0,0,0,0,0,0,0,0,-8,-8,-8,-8,-8,-8,-8,-8,-8,-8,-14,-14,-14,-14,-14,-14,-14,-14,-14,-14,-14,-14,-14,-14,-14,-14,-14,-14,-14,-14,-14,-14,-14,-14,-14,-13,-13,0,-14,0,-14,0,-28]} 1. c4 c5 2. Nc3 Nf6 3. g3 d5 4. cxd5 Nxd5 5. Bg2 Nc7 6. d3 e5 7. Be3 {The modern move.} Be7 8. Rc1 O-O {A34: Symmetrical English: 2 Nc3, lines with ...d5.} 9. Na4 b6 {[#]} 10. Bxa8 $146 ({Predecessor:} 10. Nc3 f5 11. Bxa8 Nxa8 12. Nf3 Bb7 13. O-O Nc6 14. Bd2 Kh8 15. Ne1 Nc7 16. f4 exf4 17. Bxf4 {1-0 (47) Stanojoski,Z (2457)-Trajkovski,M (2075) Skopje 2019}) 10... Nxa8 {White is slightly better.} 11. Nf3 Nc6 12. O-O Nc7 13. a3 Bb7 14. b4 cxb4 15. axb4 Bxb4 16. d4 exd4 17. Bxd4 Ne6 18. Bb2 ({White should play} 18. Be3 $1 $14) 18... Qe7 19. Nc3 Rd8 20. Nd5 Qf8 21. Qb3 $1 {Hoping for Rxc6!} Ncd4 22. Nxd4 (22. Bxd4 $2 Bxd5 23. Rc4 b5 $19) 22... Bxd5 23. Qa4 a5 24. Nc6 Qe8 25. Qc2 $1 Bxc6 26. Qxc6 Qxc6 27. Rxc6 Bc5 {[#]} 28. Ra1 $1 h5 29. e3 Rd3 30. h4 Kf8 31. Rc8+ Ke7 32. Rh8 Rb3 33. Ra2 a4 $1 34. Bxg7 a3 (34... Nxg7 $11 35. Rxa4 Ra3 36. Rxa3 Bxa3) 35. Be5 $16 b5 (35... Rd3 $16 {was worth a try.} 36. Kf1 (36. Rxh5 b5 $16) 36... b5) 36. Rb8 (36. Rxh5 Rb1+ 37. Kg2 b4 $11) 36... Kd7 37. g4 hxg4 38. h5 Ng5 39. Kf1 (39. h6 $16) 39... Nf3 $11 40. Bg7 {Strongly threatening h6.} Kc7 41. Rg8 b4 $2 {[%mdl 8192]} (41... Rb1+ $11 {and Black has nothing to worry.} 42. Ke2 Re1+ 43. Kd3 g3) 42. Ra1 $18 a2 {With the idea ...Rb1+.} 43. h6 {Black must now prevent h7.} (43. Rxa2 Rb1+ 44. Ke2 Re1+ 45. Kd3 Rh1 $18) 43... Rb1+ 44. Ke2 {h7 is the strong threat.} f6 $2 (44... Nd4+ 45. Bxd4 Bxd4 46. Rxa2 b3) 45. Bxf6 {Threatens to win with h7.} Bd4 {[#]} 46. Bd8+ $2 (46. exd4 Rxa1 47. d5 Re1+ 48. Kd3 Rh1 $11) (46. Bxd4 $2 Nxd4+ 47. Kd3 Rxa1 $19) (46. Rg7+ $1 $18 {and the rest is easy.} Kd6 47. h7 (47. exd4 $2 Rxa1 48. d5 Re1+ 49. Kd3 a1=Q $19) 47... Bxa1 48. h8=Q Bxf6 49. Qb8+ Ke6 50. Qe8+ Kf5 51. Qh5+ Ke6 52. Qxg4+ {[%mdl 64] Double Attack} Ke5 53. Qf4+ Ke6 54. Qc4+ {[%mdl 64] Double Attack} Kf5 55. Qd3+ Ke5 56. Qb5+ Ke6 57. Qd7+ Ke5 58. Rg8) 46... Kc6 $2 (46... Kd7 $16 47. Rxa2 (47. exd4 $2 Rxa1 48. Rxg4 Re1+ 49. Kxf3 a1=Q $19) 47... b3) 47. Rxa2 (47. exd4 $2 Nxd4+ 48. Kd2 (48. Kd3 $2 Rxa1 49. Rg6+ Kd7 $19) 48... Rxa1 $19) 47... b3 48. Rg6+ $2 ({Only move:} 48. Ra6+ $18 Kb5 49. exd4 (49. Ra5+ Kc4 $18) 49... Re1+ 50. Kd3 Kxa6 51. Rg6+ (51. Rxg4 b2 $11) 51... Kb7 52. Rb6+ (52. Rxg4 $2 b2 $19) 52... Kc8 53. Bf6 (53. Rxb3 Rh1 $16)) 48... Kd7 $11 {The position is equal.} 49. Ra5 ({Not} 49. exd4 $2 bxa2 50. Ra6 a1=Q $19) 49... Re1+ 50. Kd3 Ne5+ 51. Kxd4 Nxg6 {[%mdl 4096] Endgame KRB-KRN} 52. Rd5+ Ke6 {aiming for ...Rd1+.} 53. Rg5 {[%mdl 64] Double Attack} b2 54. Rxg6+ {KRB-KR} Kf7 55. Rg7+ Ke6 56. Rg6+ Kf7 57. Rg7+ Ke6 58. Re7+ Kf5 59. Rf7+ Kg6 {[%mdl 64] Double Attack} 60. Rf6+ Kh7 61. Rb6 {Cut Off at move 61} ({Much weaker is} 61. Rf7+ Kxh6 62. Rf6+ Kg7 $15) 61... b1=Q 62. Rxb1 Rxb1 {KR-KB} 63. Ke4 Kxh6 64. Kf4 Kh5 65. Kg3 Rh1 66. Kg2 Rh3 67. Bc7 Rf3 68. Bf4 Kg6 69. Kg1 Kf5 70. Kg2 Ke4 71. Kg1 Kd3 72. Kg2 Kd2 73. Kg1 Ke2 74. Kg2 Kd1 75. Kg1 Ke1 76. Kg2 Ke2 77. Bg3 Kd3 78. Bf4 Ke4 79. Kg1 Kd3 80. Kg2 {Blacks defense is rewarded with a draw.  Weighted Error Value: White=0.34/Black=0.36} 1/2-1/2

[Event "Skilling Open CCT KO 2021"]
[Site "Online"]
[Date "2020.11.25"]
[Round "1.6"]
[White "So, Wesley"]
[Black "Radjabov, Teimour"]
[Result "1-0"]
[WhiteElo "2741"]
[BlackElo "2758"]
[Annotator "TA"]
[PlyCount "117"]
[EventDate "2020.11.20"]
[EventType "k.o."]
[EventCountry "NET"]
[SourceTitle "playchess.com"]
[Source "ChessBase"]
[SourceQuality "1"]

{[%evp 12,117,13,10,15,13,29,18,24,13,27,13,10,14,11,17,12,14,26,25,30,34,39,0,19,16,6,20,21,23,79,38,51,43,45,44,54,53,55,50,50,71,72,65,136,143,131,137,151,35,45,43,47,53,132,127,140,147,172,148,120,128,130,102,168,168,172,168,175,175,173,40,91,112,915,886,951,936,936,888,884,936,884,778,791,786,757,730,530,520,1175,1175,1175,1175,1175,17,1175,1168,1164,973,1168,1168,1161,1099,1092,854,29946,12843]} 1. e4 e5 2. Nf3 Nc6 3. Bc4 Bc5 4. O-O Nf6 5. d3 O-O 6. c3 d6 7. Re1 h6 {C54: Giuoco Piano: 4 c3 Nf6, main lines with 5 d4 and 5 d3.} 8. Nbd2 {[%cal Bb1d2,Bd2f1,Bf1g3][%mdl 32]} a6 9. Nf1 Re8 {The position is equal.} 10. Ng3 Ba7 11. Bb3 Be6 12. Bc2 $1 {[%mdl 4] is recently more successful than 12.Bxe6.} d5 13. exd5 Qxd5 14. h3 Rad8 15. Qe2 Bc5 16. b4 {c4 is the strong threat.} Bf8 {[#]} 17. Bb2 $146 ({Predecessor:} 17. a4 b5 18. Ne4 Nxe4 19. dxe4 Qc4 20. Qxc4 Bxc4 21. Be3 Bd3 22. Rec1 Bxc2 23. Rxc2 {½-½ (63) Volokitin,A (2623)-Henrichs,T (2475) Austria 2017}) 17... Qd7 18. Qf1 Bd5 19. Re3 b5 20. a3 Re6 (20... Bxf3 $11 {remains equal.} 21. Rxf3 e4) 21. Rae1 e4 22. Nxe4 Nxe4 23. c4 ({Much worse is} 23. dxe4 Bc4 $15) 23... Ng5 24. Nxg5 Rxe3 25. fxe3 hxg5 26. cxd5 Qxd5 27. d4 a5 (27... g6 $14) 28. Qd3 $1 $16 {[%csl Gc2][%cal Rd3h7]} g6 29. Bb3 $1 {[%cal Rb3d5]} Ne5 30. Qc3 (30. Qc2 $16 Nc4 31. bxa5) 30... axb4 $14 31. axb4 Nc4 32. e4 Qd6 (32... Qe6 $14) 33. Bxc4 $16 bxc4 34. d5 $36 {[%csl Gb2][%cal Rc3h8][%mdl 2048] White is really pushing.} f6 35. Qxf6 Qxf6 36. Bxf6 $18 {[%mdl 4096] Endgame KRB-KRB} Rb8 37. Bxg5 Bxb4 (37... Rxb4 $16 38. Kf2 Rb2+ 39. Kf3 Rb3+ 40. Kg4 c3) 38. Rc1 c3 39. Bf6 Re8 40. Bxc3 Bc5+ 41. Kh1 (41. Kf1 $18) 41... Rxe4 $14 42. Ba5 {Black is on the road to losing.} Bb6 $2 {[%mdl 8192]} (42... Ba3 $16 43. Rxc7 Rd4) 43. Bxb6 $18 cxb6 {KR-KR} 44. Rc6 Kf7 45. Rxb6 Rd4 46. d6 Ke6 47. Kh2 Kf5 48. Kg3 g5 49. Kf3 Rd3+ 50. Ke2 Rd4 (50... Rd5 $142 51. Ke3 Ke6) 51. Ke3 Rd1 52. d7 Rxd7 53. g4+ Ke5 {[#]} 54. Rg6 $1 {[%cal Rg6g5]} Rh7 55. Rxg5+ Kf6 {[#]} 56. Rf5+ $1 Kg6 57. Rf3 Kg5 58. Kf2 Kh4 59. Rf5 {Weighted Error Value: White=0.17/Black=0.13} 1-0

[Event "Skilling Open CCT KO 2021"]
[Site "Online"]
[Date "2020.11.25"]
[Round "1.7"]
[White "Nakamura, Hikaru"]
[Black "Vachier-Lagrave, Maxime"]
[Result "1-0"]
[WhiteElo "2829"]
[BlackElo "2860"]
[Annotator "TA"]
[PlyCount "95"]
[EventDate "2020.11.20"]
[EventType "k.o."]
[EventCountry "NET"]
[SourceTitle "playchess.com"]
[Source "ChessBase"]
[SourceQuality "1"]

{[%evp 12,95,10,4,17,0,19,0,0,0,0,0,0,0,32,42,49,48,58,45,59,57,77,28,53,39,80,75,102,91,88,97,106,86,91,90,133,133,164,166,188,218,217,195,242,191,288,288,337,331,437,418,534,339,683,667,655,648,589,325,329,319,504,349,353,341,299,229,672,673,670,670,700,693,679,629,996,979,1109,1094,1112,1066,1052,1052,1048,1033]} 1. e4 c5 2. Nf3 d6 3. d4 cxd4 4. Nxd4 Nf6 5. Nc3 a6 6. Bd3 e5 7. Nde2 Nc6 {B90: Sicilian Najdorf: Unusual White 6th moves, 6 Be3 Ng4 and 6 Be3 e5.} 8. O-O Be6 9. Ng3 {[#]} g6 $146 {The position is equal.} ({Predecessor:} 9... Be7 10. a3 h6 11. Kh1 O-O 12. f4 exf4 13. Bxf4 Ne5 14. Be3 d5 15. exd5 Nxd5 16. Nxd5 Bxd5 {0-1 (45) Trujillo,F (1900)-Rivera,I (2169) Puerto Boyaca 2012}) 10. Bg5 Be7 11. Bh6 Ng4 12. Bd2 h5 13. Nd5 Bxd5 14. exd5 Nb8 15. h3 $36 {[%mdl 2048] Black is under pressure.} Nf6 16. c4 Nbd7 17. b4 O-O 18. Rc1 a5 19. a3 b6 20. Bc2 h4 {[#]} 21. Ne2 $1 axb4 22. axb4 b5 23. cxb5 Qb8 24. Bd3 Nb6 25. Qb3 Nbxd5 26. Bh6 Rc8 {[#]} 27. Bc4 $1 {[%cal Rc4d5]} Rxc4 28. Qxc4 Ra4 (28... Qb7 $142 29. Bg5 Rb8 30. Qxh4 (30. Bxh4 Qxb5 31. Qxb5 Rxb5 $18) 30... Qxb5) 29. Bd2 $18 ({Not} 29. Qxh4 Rxb4 30. Rc4 Qxb5 $16) 29... Kg7 30. Ra1 ({Don't play} 30. Qxh4 Ne8 $18) 30... Rxa1 31. Rxa1 Nc7 32. Qxh4 Qxb5 $2 (32... Nfd5 33. Bh6+ Kg8) 33. Bh6+ Kg8 34. Bg5 Kg7 35. Rc1 Qb7 36. Ng3 Ncd5 (36... Nce8 {might work better.} 37. b5 d5) 37. b5 Ng8 38. Bxe7 Ngxe7 39. Ne4 Nf4 $2 (39... f6 40. Nxd6 Qd7) 40. Qf6+ {White is clearly winning.} Kg8 41. Re1 ({Stronger than} 41. Qxf7+ Kxf7 42. Nxd6+ Kf6 $17) 41... Nf5 42. Qd8+ Kg7 43. b6 {[%cal Bb5b6,Bb6c7][%mdl 32]} Ne6 44. Qf6+ Kg8 45. Rc1 d5 {[#]} 46. Rc7 $1 {[%mdl 576] Deflection, Decoy} Nxc7 47. Qd8+ {[%mdl 64] Double Attack} Kg7 48. bxc7 {Black did not feel at home in the position after the opening.  Weighted Error Value: White=0.15/Black=0.48} 1-0

[Event "Skilling Open CCT KO 2021"]
[Site "Online"]
[Date "2020.11.25"]
[Round "1.7"]
[White "Nepomniachtchi, Ian"]
[Black "Aronian, Levon"]
[Result "1/2-1/2"]
[WhiteElo "2778"]
[BlackElo "2778"]
[Annotator "TA"]
[PlyCount "33"]
[EventDate "2020.11.20"]
[EventType "k.o."]
[EventCountry "NET"]
[SourceTitle "playchess.com"]
[Source "ChessBase"]
[SourceQuality "1"]

{[%evp 9,33,0,0,0,0,0,0,0,0,0,0,0,16,21,16,0,0,0,0,0,0,0,0,0,0,0]} 1. e4 e5 2. Nf3 Nf6 3. d4 Nxe4 4. dxe5 Bc5 5. Bc4 Nxf2 {The position is equal.} (5... Bxf2+ $6 6. Kf1 $16) 6. Bxf7+ $1 {[%mdl 64] [#] Decoy. C43: Petroff Defence: 3 d4.} ({Of course not} 6. Qd5 Qe7 $17) 6... Kxf7 7. Qd5+ Kg6 8. Qxc5 Nxh1 9. Nc3 {[%cal Bb1c3,Bc3d5,Bd5f4][%mdl 32]} h6 10. Qc4 {And now Nd5 would win.} Nc6 11. Nd5 {[#] aiming for Nh4+.} d6 {[#]} 12. Nf4+ $146 ({Predecessor:} 12. e6 Kh7 13. Qe4+ Kg8 14. e7 Qe8 15. Be3 Nxe7 16. Qxe7 Bd7 17. Qxe8+ Rxe8 18. Kd2 Bc6 19. Nb4 Be4 20. Rxh1 Kh7 21. h4 Rhf8 22. Rf1 a5 {½-½ (22) Orlov,V (2117)-Nepomuk,H (1979) LSS email 2013}) 12... Kh7 13. Qd3+ Kg8 14. Qd5+ Kh7 15. Qd3+ Kg8 {Threatens to win with ...Qe8.} 16. Qd5+ Kh7 17. Qd3+ {Not much happened in this game.  Weighted Error Value: White=0.01/Black=0.02} 1/2-1/2

[Event "Skilling Open CCT KO 2021"]
[Site "Online"]
[Date "2020.11.25"]
[Round "1.7"]
[White "Radjabov, Teimour"]
[Black "So, Wesley"]
[Result "1/2-1/2"]
[WhiteElo "2758"]
[BlackElo "2741"]
[Annotator "TA"]
[PlyCount "30"]
[EventDate "2020.11.20"]
[EventType "k.o."]
[EventCountry "NET"]
[SourceTitle "playchess.com"]
[Source "ChessBase"]
[SourceQuality "1"]

{[%evp 13,30,0,0,0,6,0,8,14,8,15,16,16,9,3,6,7,8,0,19]} 1. Nf3 d5 2. d4 Nf6 3. c4 e6 4. Nc3 c5 5. cxd5 cxd4 6. Nxd4 Nxd5 7. Bd2 Be7 {The position is equal.} 8. e3 {has lost popularity (8.e4). A32: Symmetrical English: 2 Nf3 Nf6 3 d4 cxd4 4 Nxd4 e6.} O-O 9. Be2 {[#]} Bf6 $146 ({Predecessor:} 9... e5 10. Nf3 Nc6 11. O-O Be6 12. Nxd5 Qxd5 13. Bc3 Qxd1 14. Rfxd1 f6 15. a3 Rac8 {½-½ (39) Granda Zuniga,J (2628)-Beliavsky,A (2619) Leon 2008}) 10. O-O Bxd4 11. exd4 Nc6 12. Nxd5 Qxd5 13. Bf3 Qxd4 14. Bc3 Qxd1 15. Rfxd1 e5 {An uneventful encounter.  Weighted Error Value: White=0.02/Black=0.01} 1/2-1/2